LEADER 02021nam a2200385 a 4500 001 000000108829 003 CaOOAMICUS 005 20101021173421.0 008 071217m20022003be u000 u lat r 020 $a2-503-50869-3 (v. 1) 020 $a2-503-50868-5 (v.2) 040 $aAAR$bita$dPUL(R)$dBc 041 0 $alat$afre 245 00$aThesaurus Augustinianus.$nSeries A,$pFormae /$cmoderante Paul Tombeur ; curante CTLO, Centre "Traditio Litterarum occidentalium". 260 $aTurnhout :$bBrepols,$c2002-2003. 300 $a2 v. ;$c32 cm +$e3 + 11 microfiches 490 1 $aCorpus Christianorum.$aThesaurus Patrum Latinorum 505 0 $aV.1. Opera grammatica spuria vel dubbia. -- v.2. Sermones novissimi. 600 04$aAugustinus,$cs., vesc. d'Ippona,$d354-430$xIndici$xConcordanze.$0(OLS)http://pul/subject/17018 700 1 $aTombeur, Paul.$0(OLS)http://pul/name/2022 710 2 $aCentre "Traditio Litterarum Occidentalium".$0(OLS)http://pul/name/49938 740 02$aSupplementum 2.$pSermones novissimi. 740 02$aSupplementum 1.$pOpera grammatica spuria vel dubia. 830 0$aCorpus Christianorum.$pThesaurus Patrum Latinorum.$0(OLS)http://pul/title/4558 850 $aPUL 852 $aPUL$W1$xSL Cons. Gen., Altre Classi 1$y1$m2008 G 1.24$j124193$av. 1$qStampati$B123030$CPULBib$Z2$F123030 $H91758 $82 852 $aPUL$W1$xSL Cons. Gen., Altre Classi 1$y1$m2008 G 1.25$j124194$av. 2$qStampati$B123031$CPULBib$Z2$F123031 $82 941 1 $a8 996 $6020$a2-503-50869-3 (v. 1)$9(OLS)http://pul/number/136546 996 $6020$a2-503-50868-5 (v.2)$9(OLS)http://pul/number/136547 996 $6245$aThesaurus Augustinianus.$nSeries A,$pFormae$9(OLS)http://pul/title/40661 996 $6740$aSupplementum 2.$pSermones novissimi.$9(OLS)http://pul/title/136916 996 $6740$aSupplementum 1.$pOpera grammatica spuria vel dubia.$9(OLS)http://pul/title/136915 996 $6260$aTurnhout :$bBrepols$9(OLS)http://pul/publisher/47850 LEADER 01222nam a2200289 a 4500 001 000000122744 003 CaOOAMICUS 005 20100825135346.0 008 100825t2010 it u000 u ita r 020 $a978-88-217-3254-6 040 $aPUL$bita$dReb 082 04$a346.4506 100 1 $aTrimarchi, Giuseppe A. M.$0(OLS)http://pul/name/67898 245 13$aLe riduzioni del capitale sociale /$cGiuseppe A. M. Trimarchi. 260 $aMilano :$bIpsoa,$cİ2010. 300 $axv, 543 p. ;$c25 cm. 490 1 $aNotariato e nuovo diritto societario ;$v8 504 $aInclude riferimenti bibliografici. 650 4$aCapitale.$0(OLS)http://pul/subject/22159 830 0$aNotariato e nuovo diritto societario ;$v8.$0(OLS)http://pul/title/139217 850 $aPUL 852 $aPUL$W1$xSL Diritto e Scienze Sociali 3$y79$m346. 4506 COLL 1.8$j140977$qDDC 21$B140057$CPULBib$Z2$F140057 $H114545 $82 941 1 $a9 996 $6020$a978-88-217-3254-6$9(OLS)http://pul/number/145168 996 $6082$a346.4506$9(OLS)http://pul/classification/679 996 $6245$aLe riduzioni del capitale sociale$9(OLS)http://pul/title/154716 996 $6260$aMilano :$bIpsoa$9(OLS)http://pul/publisher/67046